000 00443nam a2200181Ia 4500
005 20250326130013.0
008 250326s9999 xx 000 0 und d
037 _aTextbook
040 _aFMSL
_beng
_cFMSL
041 _aeng
_2eng
084 _qFMSL
100 _aMclvhan M
_9740015
245 0 _aManager
_cMclvhan M
260 _aNew Jersey
_bNew Jersey, Penguin
_c1970
300 _a100p
942 _cTB
999 _c1280523
_d1280523